Top 20 najlepszych państw w Hokeju - Statystyki

Ogólne statystyki
  • Ten quiz został rozwiązany 91 razy
  • Średni wynik to 18 z 20
Statystyki odpowiedzi
Miejsce Państwo Punkty % Poprawnych
1 Kanada 4100
100%
6 Stany Zjednoczone 3945
100%
3 Finlandia 3955
96%
2 Rosja 4040
96%
7 Szwecja 3910
96%
20 Polska 3010
95%
4 Czechy 3945
94%
8 Niemcy 3865
93%
12 Norwegia 3380
93%
9 Słowacja 3750
91%
11 Dania 3500
89%
14 Francja 3325
89%
5 Szwajcaria 3945
89%
13 Austria 3340
87%
16 Wielka Brytania 3095
85%
10 Łotwa 3660
84%
19 Włochy 3025
84%
18 Słowenia 3090
80%
17 Węgry 3090
71%
15 Kazachstan 3305
66%
Nie znaleziono quizów pasujących do podanych kryteriów
Rozkład punktacji
Procent ludzi z każdym wynikiem
Percentyl według liczby udzielonych odpowiedzi
Twoja historia wyników
Nie rozwiązałeś tego quizu